000 01162nas a2200373 4500
001 BR2013007628
003 BR-BrBNA
005 20231205122956.0
007 ta
008 230509b bl.|||p| |||| 00| 00por d
040 _aBR-BrBNA
_bpor
_cBiblioteca Nacional de Agricultura
041 _a(Pt)
072 _aP36
100 1 _aRosa, J.D.
100 1 _aMafra, A.L.
100 1 _aNohalto, M.A.
100 1 _aFerreira, E.Z.
100 1 _aOliveira, O.L.P. de
100 1 _aMiquelluti, D.J.
100 1 _aCassol, P.C.
100 1 _aMedeiros, J.C.
245 1 _aAtributos do solo e produtividade de videiras alterados pelo manejo de coberturas verdes na serra gaúcha
650 _aUVA
650 _aPROPRIEDADE FÍSICO-QUÍMICA
650 _aMANEJO DO SOLO
650 _aADUBO VERDE
650 _aNUTRIENTE
650 _aPLANTA DE COBERTURA
650 _aRECUPERAÇÃO DO SOLO
773 0 _tRevista Brasileira de Ciência do Solo (Brazil)
_xISSN 0100-0683
_g(Jan-Feb 2009), v. 33(1) p. 179-187
_wBR2013007628
856 4 0 _uhttp://www.scielo.br/pdf/rbcs/v33n1/19.pdf
909 _a202311
_bLúcia
_c55
_dLúcia Elande
942 _2AGRIS
_n0
_cANA
999 _c231568
_d231568